[Event "Belgrade-chT"]
[Site "Belgrade"]
[Date "2017.10.21"]
[Round "6.7"]
[White "Marinkov, Svetislav"]
[Black "Ivanovic, Marko"]
[Result "0-1"]
[WhiteElo "1830"]
[BlackElo "2100"]
[PlyCount "82"]
[EventDate "2017.10.01"]
[EventType "team-tourn"]
[EventRounds "11"]
[EventCountry "SRB"]
[SourceTitle "CBM 181 Extra"]
[Source "ChessBase"]
[SourceDate "2017.12.12"]
[SourceVersion "1"]
[SourceVersionDate "2017.12.12"]
[SourceQuality "1"]
[WhiteTeam "Lasta"]
[BlackTeam "Belgrade CC"]
[WhiteTeamCountry "SRB"]
[BlackTeamCountry "SRB"]

1. c4 f5 2. Nf3 Nf6 3. Nc3 d6 4. d4 g6 5. g3 Bg7 6. Bg2 0-0 7. 0-0 Nc6 8. d5 Na5 9. Qd3 c5 10. dxc6 Nxc6 11. Nd5 Ne4 12. Rb1 e6 13. Ne3 Nc5 14. Qa3 e5 15. Nd5 h6 16. Rd1 e4 17. Ne1 Ne5 18. Ne3 g5 19. f4 gxf4 20. gxf4 Nc6 21. Nd5 a5 22. b4 Ne6 23. c5 dxc5 24. bxc5 Bd4+ 25. e3 Bxc5 26. Qa4 Nxf4 27. Nxf4 Qe7 28. Kh1 Kh7 29. Nc2 Ne5 30. Nd4 Bd7 31. Qb3 b6 32. Nde6 a4 33. Nxf8+ Rxf8 34. Qc3 Ng4 35. Rb2 a3 36. Rbd2 Ba4 37. Nd5 Qh4 38. Bxe4 Bxd1 39. Rg2 fxe4 40. Nf4 Bf3 41. Qd2 Qxh2# 0-1

[Event "Belgrade Jezero op"]
[Site "Belgrade"]
[Date "2017.08.05"]
[Round "1"]
[White "Marinkov, Svetislav"]
[Black "Tosic, Miroslav"]
[Result "0-1"]
[WhiteElo "1857"]
[BlackElo "2438"]
[PlyCount "70"]
[EventDate "2017.08.05"]
[EventType "swiss"]
[EventRounds "9"]
[EventCountry "SRB"]
[SourceTitle "CBM 180 Extra"]
[Source "ChessBase"]
[SourceDate "2017.10.06"]
[SourceVersion "1"]
[SourceVersionDate "2017.10.06"]
[SourceQuality "1"]

1. e4 c5 2. Nf3 e6 3. d4 cxd4 4. Nxd4 Nc6 5. Nc3 Qc7 6. a3 a6 7. Be3 Nf6 8. Be2 Be7 9. 0-0 d6 10. Kh1 Bd7 11. f4 Nxd4 12. Bxd4 Bc6 13. Bf3 0-0 14. Qe1 b5 15. Qg3 Qb7 16. e5 dxe5 17. Bxe5 Rac8 18. Rae1 g6 19. h4 Bxf3 20. Rxf3 Nh5 21. Qh2 a5 22. Re2 f6 23. Bd4 Rc4 24. Bf2 b4 25. axb4 axb4 26. Nd1 Rd8 27. Ne3 Re4 28. Kg1 f5 29. Re1 Rd2 30. Rc1 Bc5 31. Re1 Qc6 32. g3 Bxe3 33. Rfxe3 Rxe3 34. Rxe3 Nf6 35. Qg2 Ne4 0-1

[Event "Belgrade Trophy 26th"]
[Site "Belgrade"]
[Date "2012.11.29"]
[Round "6"]
[White "Marinkov, Svetislav"]
[Black "Manojlovic, Selimir"]
[Result "1/2-1/2"]
[WhiteElo "1898"]
[BlackElo "2084"]
[PlyCount "122"]
[EventDate "2012.11.24"]
[EventType "swiss"]
[EventRounds "9"]
[EventCountry "SRB"]
[SourceTitle "CBM 151 Extra"]
[Source "ChessBase"]
[SourceDate "2012.12.18"]
[SourceVersion "1"]
[SourceVersionDate "2012.12.18"]
[SourceQuality "1"]

1. e4 c5 2. Nf3 e6 3. d4 cxd4 4. Nxd4 a6 5. Bd3 Nc6 6. Nxc6 bxc6 7. 0-0 d5 8. exd5 cxd5 9. Bf4 Nf6 10. Nd2 Bd6 11. Bxd6 Qxd6 12. c4 Bb7 13. cxd5 Bxd5 14. Nc4 Qc7 15. Rc1 0-0 16. Ne3 Qb7 17. Nxd5 Nxd5 18. Qh5 h6 19. Qe5 Qb8 20. Qe4 Nf6 21. Qe2 Rc8 22. Rc4 Rxc4 23. Bxc4 a5 24. Rc1 Qf4 25. Rc2 Rd8 26. g3 Qd4 27. Qe1 Qd1 28. Qxd1 Rxd1+ 29. Kg2 Nd5 30. Bxd5 Rxd5 31. b3 g5 32. f3 Kg7 33. Rb2 Kf6 34. Kf2 h5 35. Ke3 Kf5 36. a3 Ke5 37. f4+ Kf5 38. b4 Rb5 39. a4 Rb7 40. b5 gxf4+ 41. gxf4 e5 42. fxe5 Kxe5 43. Rc2 Kf5 44. Kf3 Kg5 45. Rc4 Rd7 46. h4+ Kf5 47. Rc5+ Ke6 48. Ke4 Rd1 49. Rc6+ Kd7 50. Rc4 Ke6 51. Kf4 Rg1 52. Re4+ Kd5 53. Kf5 Rb1 54. Re5+ Kd6 55. Re4 Kd5 56. Re7 Rb4 57. Kg5 f6+ 58. Kxh5 Rxa4 59. b6 Rb4 60. b7 Kc6 61. Kg6 Rxb7 1/2-1/2

[Event "Belgrade Spring op"]
[Site "Belgrade"]
[Date "2011.03.31"]
[Round "9"]
[White "Marinkov, Svetislav"]
[Black "Elez, Sinisa"]
[Result "1/2-1/2"]
[WhiteElo "1965"]
[BlackElo "2133"]
[PlyCount "135"]
[EventDate "2011.03.23"]
[EventType "swiss"]
[EventRounds "9"]
[EventCountry "SRB"]
[SourceTitle "CBM 141 Extra"]
[Source "ChessBase"]
[SourceDate "2011.05.03"]
[SourceVersion "1"]
[SourceVersionDate "2011.05.03"]
[SourceQuality "1"]

1. e4 c5 2. Nf3 a6 3. c3 d5 4. exd5 Qxd5 5. d4 e6 6. dxc5 Qxd1+ 7. Kxd1 Bxc5 8. Be3 Bxe3 9. fxe3 Nf6 10. Bd3 Nc6 11. Nbd2 0-0 12. Ke2 b5 13. Be4 Nxe4 14. Nxe4 Na5 15. b3 Bb7 16. Nc5 Rac8 17. Nxb7 Nxb7 18. Rac1 Rfd8 19. Rhd1 Rd6 20. Rd4 f6 21. c4 e5 22. Rxd6 Nxd6 23. c5 Kf7 24. b4 Ke6 25. Nd2 f5 26. Nf3 Ne4 27. Nd2 Nf6 28. Nf3 h6 29. Rc2 g5 30. Nd2 Nd5 31. a3 Ne7 32. Nb1 Rd8 33. Nc3 Nc6 34. Rd2 Rxd2+ 35. Kxd2 e4 36. g4 fxg4 37. Nxe4 Ne5 38. Ke2 Nc4 39. Kd3 Ne5+ 40. Ke2 Nf3 41. Nd2 Ne5 42. Kf2 Kd5 43. Ke2 h5 44. Kf2 h4 45. Nb1 Kc4 46. Nd2+ Kd5 47. Ke2 Nc4 48. Nb1 Ke5 49. Kf2 h3 50. Kg3 Nxe3 51. Nc3 Kf5 52. a4 bxa4 53. Nxa4 Nf1+ 54. Kf2 Nxh2 55. c6 Ke6 56. Nc5+ Kd6 57. Nxa6 Kxc6 58. Nc5 Nf3 59. Kg3 Nd2 60. Nd3 Ne4+ 61. Kh2 Kb5 62. Ne5 Nf6 63. Nf7 Nd5 64. Nxg5 Nf4 65. Ne4 Nh5 66. Nf2 g3+ 67. Kxh3 gxf2 68. Kg2 1/2-1/2

[Event "Belgrade Winter op"]
[Site "Belgrade"]
[Date "2011.01.22"]
[Round "1"]
[White "Marinkov, Svetislav"]
[Black "Vujic, Mihailo"]
[Result "0-1"]
[WhiteElo "1961"]
[BlackElo "2321"]
[PlyCount "74"]
[EventDate "2011.01.22"]
[EventType "swiss"]
[EventRounds "9"]
[EventCountry "SRB"]
[SourceTitle "CBM 140 Extra"]
[Source "ChessBase"]
[SourceDate "2011.03.01"]
[SourceVersion "1"]
[SourceVersionDate "2011.03.01"]
[SourceQuality "1"]

1. e4 e5 2. Nf3 Nc6 3. Bb5 f5 4. d3 fxe4 5. dxe4 Nf6 6. 0-0 Bc5 7. Nc3 d6 8. Bg5 0-0 9. Nd5 Kh8 10. c3 Ne7 11. Nxe7 Qxe7 12. Qd3 Qf7 13. Be3 Bb6 14. Bc4 Qh5 15. Bxb6 axb6 16. Nd2 Qh6 17. Rad1 Nh5 18. g3 Bh3 19. Rfe1 Rf6 20. Qe3 Qg6 21. Nf3 Nf4 22. Nh4 Qh5 23. Kh1 Raf8 24. Rd2 g5 25. gxf4 Qxh4 26. f5 Bxf5 27. Bd5 Bg4 28. Qg3 Bf3+ 29. Kg1 Qh5 30. Re3 Rf4 31. Kf1 Rh4 32. Be6 Rxh2 33. Rxf3 Rxf3 34. Qg4 Qxg4 35. Bxg4 Rf4 36. Bc8 g4 37. Kg1 g3 0-1

[Event "Belgrade Trophy 23rd"]
[Site "Obrenovac"]
[Date "2010.11.30"]
[Round "7"]
[White "Marinkov, Svetislav"]
[Black "Potpara, Nikola"]
[Result "1/2-1/2"]
[WhiteElo "1939"]
[BlackElo "2160"]
[PlyCount "104"]
[EventDate "2010.11.24"]
[EventType "swiss"]
[EventRounds "9"]
[EventCountry "YUG"]
[SourceTitle "CBM 139 Extra"]
[Source "ChessBase"]
[SourceDate "2011.01.05"]
[SourceVersion "1"]
[SourceVersionDate "2011.01.05"]
[SourceQuality "1"]

1. e4 c5 2. Nf3 e6 3. d4 cxd4 4. Nxd4 Nc6 5. Nc3 Qc7 6. Be3 a6 7. Qd2 Nf6 8. f3 Be7 9. Bd3 0-0 10. 0-0-0 b5 11. g4 Ne5 12. g5 Ne8 13. f4 Nxd3+ 14. Qxd3 b4 15. Nce2 Bb7 16. Rhg1 Nd6 17. Ng3 Nc4 18. e5 d6 19. exd6 Bxd6 20. Nh5 g6 21. Nf6+ Kg7 22. Rg4 Rac8 23. Rh4 h5 24. Rxh5 Rh8 25. Rxh8 Rxh8 26. Rf1 Be7 27. f5 Nxe3 28. Qxe3 exf5 29. h4 Bc5 30. h5 Rd8 31. Qe8 Rxe8 32. Nxe8+ Kg8 33. Nxc7 Bxd4 34. hxg6 fxg6 35. Ne6 Be3+ 36. Kd1 Bg2 37. Ke2 Bxf1+ 38. Kxe3 Bc4 39. Nf4 Kf7 40. Kd4 Bxa2 41. b3 a5 42. Kd3 Ke7 43. Nxg6+ Kd6 44. Nf4 a4 45. Kc4 Bxb3+ 46. cxb3 a3 47. g6 a2 48. g7 a1Q 49. g8Q Qc3+ 50. Kb5 Qc5+ 51. Ka4 Qa7+ 52. Kxb4 Qc5+ 1/2-1/2

[Event "Belgrade Spring op"]
[Site "Belgrade"]
[Date "2010.03.26"]
[Round "4"]
[White "Jakovljevic, Zivota"]
[Black "Marinkov, Svetislav"]
[Result "1-0"]
[WhiteElo "2120"]
[BlackElo "1930"]
[PlyCount "117"]
[EventDate "2010.03.23"]
[EventType "swiss"]
[EventRounds "9"]
[EventCountry "YUG"]
[SourceTitle "CBM 135 Extra"]
[Source "ChessBase"]
[SourceDate "2010.05.04"]
[SourceVersion "1"]
[SourceVersionDate "2010.05.04"]
[SourceQuality "1"]

1. d4 Nf6 2. c4 e6 3. Nf3 b6 4. g3 Ba6 5. e3 d5 6. Qc2 Bxc4 7. Bxc4 dxc4 8. Qxc4 Qd5 9. Qe2 Ne4 10. 0-0 Nd7 11. Nc3 Qb7 12. Nxe4 Qxe4 13. Bd2 Be7 14. Bc3 0-0 15. Nd2 Qb7 16. Rac1 c5 17. dxc5 Bxc5 18. Rfd1 Be7 19. Qf3 Qxf3 20. Nxf3 Nf6 21. Bxf6 Bxf6 22. Rc2 Rad8 23. Rdc1 Rd7 24. Kf1 Rfd8 25. Ke2 Kf8 26. b3 Ke7 27. g4 g6 28. Rc8 Rxc8 29. Rxc8 Rd8 30. Rxd8 Kxd8 31. Kd3 Kc7 32. a4 a6 33. g5 Bg7 34. b4 b5 35. axb5 axb5 36. Nd4 Kb6 37. Ke4 Bf8 38. Nc2 Bd6 39. h3 Kc6 40. Kd4 Kb6 41. Kc3 Be5+ 42. Kd3 Bg7 43. f4 h5 44. e4 Bb2 45. Nd4 Bc1 46. Ne2 Bb2 47. e5 Kc6 48. Kc2 Ba1 49. Kb1 Bxe5 50. fxe5 Kd5 51. Nc3+ Kxe5 52. Nxb5 f6 53. gxf6 Kxf6 54. Nc3 Ke5 55. Kc2 g5 56. b5 g4 57. h4 Kd6 58. Ne4+ Kc7 59. Ng3 1-0

[Event "Belgrade Spring op"]
[Site "Belgrade"]
[Date "2010.03.25"]
[Round "3"]
[White "Petrovic, Petar"]
[Black "Marinkov, Svetislav"]
[Result "0-1"]
[WhiteElo "2098"]
[BlackElo "1930"]
[PlyCount "100"]
[EventDate "2010.03.23"]
[EventType "swiss"]
[EventRounds "9"]
[EventCountry "YUG"]
[SourceTitle "CBM 135 Extra"]
[Source "ChessBase"]
[SourceDate "2010.05.04"]
[SourceVersion "1"]
[SourceVersionDate "2010.05.04"]
[SourceQuality "1"]

1. Nf3 Nf6 2. b3 g6 3. Bb2 Bg7 4. e4 d6 5. c4 c5 6. Qc2 Nc6 7. d3 0-0 8. Nbd2 a6 9. Be2 b5 10. 0-0 Qb6 11. Rfd1 Rd8 12. Nf1 e5 13. Ne3 Nd4 14. Nxd4 exd4 15. Nd5 Nxd5 16. cxd5 f5 17. Bf3 fxe4 18. Bxe4 Ra7 19. Bc1 Rf7 20. Bg5 Rdf8 21. Bh4 Bf5 22. Bf3 Be5 23. Re1 Rc8 24. Qd2 b4 25. Bg3 Bxg3 26. hxg3 Rcf8 27. g4 Bd7 28. Re2 Rf4 29. Re7 Qd8 30. Rae1 R4f7 31. R7e4 g5 32. a3 a5 33. axb4 axb4 34. Ra1 h6 35. Ra6 Bb5 36. Ra1 Kg7 37. Qe2 Re8 38. Re6 Bd7 39. Ra6 Bxe6 40. dxe6 Rfe7 41. Bd5 Rf8 42. g3 Rf6 43. Qe4 Qf8 44. f3 Rc7 45. Ra8 Qe7 46. f4 Rf8 47. Ra2 Ra7 48. Rf2 Ra1+ 49. Kg2 gxf4 50. Rxf4 Ra2+ 0-1

[Event "Belgrade Spring op"]
[Site "Belgrade"]
[Date "2009.03.29"]
[Round "7"]
[White "Marinkov, Svetislav"]
[Black "Samardzija, Zeljko"]
[Result "1-0"]
[WhiteElo "1996"]
[BlackElo "1876"]
[PlyCount "83"]
[EventDate "2009.03.21"]
[EventType "swiss"]
[EventRounds "9"]
[EventCountry "YUG"]
[SourceTitle "CBM 129 Extra"]
[Source "ChessBase"]
[SourceDate "2009.05.05"]
[SourceVersion "2"]
[SourceVersionDate "2009.05.20"]
[SourceQuality "1"]

1. e4 e5 2. Nf3 Nc6 3. Bb5 a6 4. Ba4 Nf6 5. 0-0 Be7 6. Re1 b5 7. Bb3 0-0 8. c3 d6 9. h3 Bb7 10. d4 h6 11. Nbd2 exd4 12. cxd4 Nb4 13. a3 Nd3 14. Re3 Nxc1 15. Rxc1 Nh7 16. Ba2 c5 17. Re1 cxd4 18. Nxd4 Bf6 19. N2f3 Qb6 20. Qd3 Ng5 21. Re2 Rac8 22. Rce1 Nxf3+ 23. Nxf3 a5 24. Bb1 g6 25. Ba2 Kg7 26. e5 dxe5 27. Nxe5 Bxe5 28. Rxe5 Rfd8 29. Qxb5 Qc6 30. Qxc6 Bxc6 31. Rxa5 Rd2 32. Ra7 Be8 33. Ree7 Kf6 34. Bxf7 Rc1+ 35. Kh2 Bc6 36. Re6+ Kf5 37. Ra5+ Bd5 38. Rd6 Kf4 39. Raxd5 Rxb2 40. Rd4+ Ke5 41. f4+ Kf5 42. Bxg6# 1-0

[Event "Belgrade Spring op"]
[Site "Belgrade"]
[Date "2009.03.26"]
[Round "5"]
[White "Marinkov, Svetislav"]
[Black "Markovic, Aleksandar"]
[Result "1/2-1/2"]
[WhiteElo "1996"]
[BlackElo "1662"]
[PlyCount "60"]
[EventDate "2009.03.21"]
[EventType "swiss"]
[EventRounds "9"]
[EventCountry "YUG"]
[SourceTitle "CBM 129 Extra"]
[Source "ChessBase"]
[SourceDate "2009.05.05"]
[SourceVersion "2"]
[SourceVersionDate "2009.05.20"]
[SourceQuality "1"]

1. e4 c5 2. Nf3 Nf6 3. e5 Nd5 4. Nc3 e6 5. Nxd5 exd5 6. d4 Nc6 7. dxc5 Bxc5 8. Bd3 d6 9. exd6 Qxd6 10. Qe2+ Qe6 11. Qxe6+ fxe6 12. Bf4 0-0 13. Bg3 e5 14. Nxe5 Nxe5 15. Bxe5 Bxf2+ 16. Kd2 Bg4 17. h3 Bh5 18. g4 Rae8 19. Bd6 Rf6 20. Bb4 Bg6 21. Bxg6 hxg6 22. Raf1 Re4 23. c3 d4 24. c4 b6 25. Kd1 Be3 26. Rxf6 gxf6 27. Re1 Rf4 28. Bd2 Rf3 29. Bxe3 dxe3 30. h4 Rg3 1/2-1/2

[Event "Belgrade-ch"]
[Site "Belgrade"]
[Date "2009.01.29"]
[Round "6"]
[White "Markovic, Milan"]
[Black "Marinkov, Svetislav"]
[Result "1-0"]
[WhiteElo "2327"]
[BlackElo "1996"]
[PlyCount "54"]
[EventDate "2009.01.24"]
[EventType "swiss"]
[EventRounds "9"]
[EventCountry "YUG"]
[SourceTitle "CBM 128 Extra"]
[Source "ChessBase"]
[SourceDate "2009.03.05"]
[SourceVersion "2"]
[SourceVersionDate "2009.03.25"]
[SourceQuality "1"]

1. e4 c5 2. Nf3 d6 3. c3 Nf6 4. h3 Nc6 5. Bd3 g6 6. 0-0 Bg7 7. Re1 0-0 8. Bc2 b6 9. Ba4 Bb7 10. d4 cxd4 11. cxd4 Rc8 12. Nc3 a6 13. Bg5 h6 14. Bh4 b5 15. Bb3 Re8 16. Qd2 Na5 17. Bxf6 Nxb3 18. axb3 exf6 19. d5 Qd7 20. Nd4 f5 21. exf5 b4 22. Na4 Bxd4 23. Qxd4 Qxf5 24. Nb6 Rcd8 25. g4 Qf3 26. Nd7 Rxe1+ 27. Rxe1 f5 1-0

[Event "Belgrade-ch"]
[Site "Belgrade"]
[Date "2009.01.25"]
[Round "2"]
[White "Fustar, Janko"]
[Black "Marinkov, Svetislav"]
[Result "1-0"]
[WhiteElo "1784"]
[BlackElo "1996"]
[PlyCount "167"]
[EventDate "2009.01.24"]
[EventType "swiss"]
[EventRounds "9"]
[EventCountry "YUG"]
[SourceTitle "CBM 128 Extra"]
[Source "ChessBase"]
[SourceDate "2009.03.05"]
[SourceVersion "2"]
[SourceVersionDate "2009.03.25"]
[SourceQuality "1"]

1. d4 Nf6 2. c4 e6 3. Nc3 Bb4 4. Qc2 0-0 5. a3 Bxc3+ 6. Qxc3 b6 7. Nf3 Bb7 8. Bg5 h6 9. Bh4 d6 10. Nd2 Nbd7 11. f3 e5 12. d5 a5 13. e3 a4 14. Bd3 g5 15. Bg3 Bxd5 16. cxd5 Nxd5 17. Qc6 Ra5 18. e4 Nf4 19. Bxf4 exf4 20. b4 axb3 21. Nxb3 Nc5 22. Bc4 Nxb3 23. Bxb3 Qf6 24. 0-0 Rc5 25. Qa4 b5 26. Qb4 Rb8 27. Rac1 Rxc1 28. Rxc1 c5 29. Qc3 Qxc3 30. Rxc3 Kg7 31. Bd5 Kf6 32. Rb3 Ke7 33. Kf2 f6 34. g4 Kd7 35. a4 b4 36. Ke2 Kc7 37. Kd3 h5 38. h3 hxg4 39. hxg4 Kb6 40. Kc4 Rh8 41. Rd3 Rh1 42. Bf7 Rc1+ 43. Kb3 Kc7 44. Kb2 Rf1 45. Bc4 Rh1 46. a5 Rh2+ 47. Kb3 Rh1 48. Rd2 Rc1 49. Rc2 Re1 50. Be2 Kc6 51. Ra2 Rb1+ 52. Rb2 Rc1 53. Rc2 Rh1 54. a6 Rh7 55. Ra2 Ra7 56. Bc4 Kb6 57. Rh2 Ra8 58. Rh7 Rb8 59. a7 Ra8 60. Ka4 Rxa7+ 61. Rxa7 Kxa7 62. Kb5 Kb7 63. Bd5+ Kc7 64. Ka6 c4 65. Kb5 b3 66. Bxc4 b2 67. Bd3 Kd7 68. Kc4 Kc6 69. Bb1 Kc7 70. Kc3 Kc6 71. Kxb2 d5 72. Kc3 Kc5 73. exd5 Kxd5 74. Bg6 Kc5 75. Kd3 Kd5 76. Be4+ Kc5 77. Ba8 Kd6 78. Ke4 Ke6 79. Bb7 f5+ 80. gxf5+ Kf6 81. Bd5 Ke7 82. Ke5 Kf8 83. f6 Ke8 84. Kf5 1-0

[Event "Belgrade-ch"]
[Site "Belgrade"]
[Date "2009.01.24"]
[Round "1"]
[White "Marinkov, Svetislav"]
[Black "Nestorovic, Dejan"]
[Result "0-1"]
[WhiteElo "1996"]
[BlackElo "2392"]
[PlyCount "92"]
[EventDate "2009.01.24"]
[EventType "swiss"]
[EventRounds "9"]
[EventCountry "YUG"]
[SourceTitle "CBM 128 Extra"]
[Source "ChessBase"]
[SourceDate "2009.03.05"]
[SourceVersion "2"]
[SourceVersionDate "2009.03.25"]
[SourceQuality "1"]

1. e4 c5 2. Nf3 a6 3. c4 Nc6 4. d4 cxd4 5. Nxd4 e5 6. Nc2 Bc5 7. Be3 b6 8. g3 Nf6 9. Bg2 d6 10. 0-0 Be6 11. b3 0-0 12. Nc3 Bxe3 13. Nxe3 Nd4 14. Qd3 b5 15. cxb5 Qa5 16. Ne2 Nxe2+ 17. Qxe2 axb5 18. Qd3 b4 19. Nc4 Bxc4 20. Qxc4 Rfc8 21. Qd3 Ra6 22. Rfc1 Rac6 23. Rxc6 Rxc6 24. Qd2 Qc5 25. Rd1 Kf8 26. Qe1 Qb6 27. Rc1 Rc5 28. Qd2 g6 29. Re1 Ke7 30. Rc1 Qc7 31. Rd1 Rc3 32. Qe2 Rc2 33. Rd2 Rc1+ 34. Rd1 Qc2 35. Qxc2 Rxc2 36. Ra1 Ng4 37. f4 Rb2 38. Bf3 Nxh2 39. Bd1 Rd2 40. a4 bxa3 41. Rxa3 Rxd1+ 42. Kxh2 Rd4 43. Ra7+ Kf6 44. Ra4 Rd3 45. fxe5+ Kxe5 46. Rb4 Rd4 0-1

[Event "Belgrade Trophy 21st"]
[Site "Obrenovac"]
[Date "2008.12.03"]
[Round "7"]
[White "Stojkovska, Monika"]
[Black "Marinkov, Svetislav"]
[Result "1-0"]
[WhiteElo "1865"]
[BlackElo "2026"]
[PlyCount "85"]
[EventDate "2008.11.27"]
[EventType "swiss"]
[EventRounds "9"]
[EventCountry "YUG"]
[SourceTitle "CBM 127 Extra"]
[Source "ChessBase"]
[SourceDate "2009.01.08"]
[SourceVersion "2"]
[SourceVersionDate "2009.01.28"]
[SourceQuality "1"]

1. e4 c5 2. Nf3 d6 3. Bb5+ Bd7 4. Bxd7+ Qxd7 5. 0-0 Nc6 6. c3 Nf6 7. Re1 e6 8. d4 cxd4 9. cxd4 d5 10. e5 Ne4 11. Nbd2 Bb4 12. Nxe4 dxe4 13. Rxe4 0-0-0 14. Bg5 Qd5 15. Qc2 Rd7 16. a3 Ba5 17. Re2 Kb8 18. Be3 g6 19. b4 Bb6 20. Rd2 Rc8 21. Qb2 a6 22. Rc1 Ne7 23. Rxc8+ Nxc8 24. Rc2 h5 25. a4 Bd8 26. Nd2 Be7 27. Qc3 Na7 28. Nf3 Nc6 29. Rb2 Rc7 30. Qd2 Na7 31. h3 Rc4 32. Rb1 Nc6 33. b5 Bb4 34. Qd3 axb5 35. axb5 Qxb5 36. Kh2 Qd5 37. Qb3 Na5 38. Qa4 b5 39. Rxb4 Rxb4 40. Qxb4 Nc6 41. Qf8+ Kb7 42. Qxf7+ Kb6 43. Qxg6 1-0

[Event "Belgrade Trophy 21st"]
[Site "Obrenovac"]
[Date "2008.11.28"]
[Round "2"]
[White "Marinkov, Svetislav"]
[Black "Vujic, Mihailo"]
[Result "0-1"]
[WhiteElo "2026"]
[BlackElo "2330"]
[PlyCount "53"]
[EventDate "2008.11.27"]
[EventType "swiss"]
[EventRounds "9"]
[EventCountry "YUG"]
[SourceTitle "CBM 127 Extra"]
[Source "ChessBase"]
[SourceDate "2009.01.08"]
[SourceVersion "2"]
[SourceVersionDate "2009.01.28"]
[SourceQuality "1"]

1. e4 e5 2. Nf3 Nc6 3. Bb5 f5 4. d3 fxe4 5. dxe4 Nf6 6. Nc3 Bc5 7. 0-0 d6 8. Bg5 0-0 9. Nd5 Kh8 10. c3 Ne7 11. Nxf6 gxf6 12. Bh6 Rg8 13. Bc4 Rg6 14. Qd2 Bh3 15. Nh4 Rg4 16. Be6 Rxh4 17. gxh3 Qe8 18. Kh1 Qh5 19. Be3 Qf3+ 20. Kg1 Rxh3 21. Bxc5 Rh4 22. Rfe1 Rg8+ 23. Bxg8 Rg4+ 24. Kf1 Qh3+ 25. Ke2 Rxe4+ 26. Qe3 Rxe3+ 27. fxe3 0-1

[Event "Belgrade Spring op"]
[Site "Belgrade"]
[Date "2008.03.31"]
[Round "7"]
[White "Pucarevic, Milenko"]
[Black "Marinkov, Svetislav"]
[Result "1-0"]
[WhiteElo "2227"]
[BlackElo "2061"]
[PlyCount "139"]
[EventDate "2008.03.25"]
[EventType "swiss"]
[EventRounds "9"]
[EventCountry "YUG"]
[SourceTitle "CBM 123 Extra"]
[Source "ChessBase"]
[SourceDate "2008.05.06"]
[SourceVersion "1"]
[SourceVersionDate "2008.05.06"]
[SourceQuality "1"]

1. d4 Nf6 2. Nf3 e6 3. Bf4 c5 4. e3 d5 5. Nbd2 Nc6 6. c3 Be7 7. h3 cxd4 8. exd4 a6 9. a4 b6 10. Bd3 Bb7 11. 0-0 0-0 12. Re1 Na7 13. Qb3 Nc8 14. Ne5 Nd6 15. f3 Nfe8 16. Nf1 Rc8 17. Ne3 f5 18. Bh2 Nf7 19. Nd1 Nxe5 20. Bxe5 Bd6 21. Nf2 Bxe5 22. Rxe5 Qd6 23. Rae1 Nc7 24. Bf1 Rb8 25. Nd3 Bc8 26. f4 Bd7 27. g3 Qc6 28. Ra1 a5 29. Qd1 Ne8 30. Re3 Nf6 31. Ne5 Qc7 32. Bd3 Ne4 33. Kh2 Be8 34. Qe2 Rb7 35. Ba6 Ra7 36. Bb5 Qc8 37. Rc1 Rc7 38. Qd3 Rf6 39. Re2 Rh6 40. Rh1 g5 41. Rg2 Bh5 42. Kg1 Rg7 43. g4 Be8 44. gxf5 exf5 45. fxg5 Bxb5 46. Qxb5 Nxg5 47. Qxd5+ Kh8 48. h4 Ne6 49. Rxg7 Kxg7 50. Rh2 Nf4 51. Qf7+ Kh8 52. Kf1 Ng6 53. Qf6+ Kg8 54. Rg2 Qe8 55. b3 Qf8 56. Qxb6 Rxh4 57. Nxg6 hxg6 58. Rxg6+ Kh7 59. Qf6 Qxf6 60. Rxf6 Rh3 61. Rc6 Rh2 62. d5 Rd2 63. c4 Kg7 64. Ke1 Rb2 65. Rb6 Kf7 66. c5 Ke7 67. Rb7+ Kd8 68. c6 Rc2 69. Kd1 Rc5 70. Rb5 1-0